00353pab a2200133 454500008004000000100001600040245005200056260000900108300001400117650002500131650002700156650001900183773001700202180718b2005 xxu||||| |||| 00| 0 eng d aSingh, S.N. aSocial revolution through constitution of India c2005 ap.145-56. aIndia - Constitution aSocial justice - India aSocial justice aISDA Journal